Harry Potter Charaktere Sudden Death Wer ist tot? - Statistiken

Allgemein
  • Dieses Quiz wurde 537 mal gespielt
  • Das Durchschnittsergebnis liegt bei 6 aus 8
Answers on the Grid
Answers color-coded by a green-red scale on the quiz's grid according to % correct below.
Minerva McGonagall
Alastor Moody
George Weasley
Fred Weasley
Peter Pettigrew
Lucius Malfoy
Dolores Umbridge
Bathilda Bagshot
Horace Slughorn
Neville Longbottom
Rufus Scrimgeour
Dudley Dursley
Dobby
Barty Crouch Senior
Viktor Krum
Colin Creevey
 
Antwortstatistiken
Antwort % Korrekt
Alastor Moody
85%
Dobby
82%
Peter Pettigrew
76%
Fred Weasley
74%
Barty Crouch Senior
71%
Bathilda Bagshot
62%
Colin Creevey
57%
Rufus Scrimgeour
57%
Keine übereinstimmenden Quizze gefunden
Verteilung der Resultate
Anzahl Personen mit jedem Resultat
Perzentil nach korrekt beantworteten Fragen
Ihre Resultats-Entwicklung
Sie haben dieses Quiz noch nicht gespielt